Common Knowledge Minefield Quiz Stats

 Plays Quiz Updated Jul 16, 2012

Support Sporcle.
Go Orange.
Score 0/80 Timer 04:00
20 Plays Today
Group Answer % Correct
Months of the Year???
93%
Months of the Year???
93%
Months of the Year???
93.1%
Months of the Year???
93%
Written Numbers???
90.2%
Written Numbers???
90.2%
Written Numbers???
90.2%
Written Numbers???
90.2%
U.S. States???
70.4%
U.S. States???
70.4%
U.S. States???
70.4%
U.S. States???
70.4%
Solar System Planets???
68.1%
Solar System Planets???
68.1%
Solar System Planets???
68.1%
Solar System Planets???
68.1%
Rainbow Colors???
60%
Rainbow Colors???
60%
Rainbow Colors???
60%
Rainbow Colors???
60%
Countries of the World???
53.7%
Countries of the World???
53.7%
Countries of the World???
53.7%
Countries of the World???
53.7%
Harry Potter and the...???
44.3%
Harry Potter and the...???
44.3%
Harry Potter and the...???
44.3%
Harry Potter and the...???
44.3%
U.S. Presidents???
43.7%
U.S. Presidents???
43.7%
U.S. Presidents???
43.7%
U.S. Presidents???
43.7%
Periodic Table Elements???
38.9%
Periodic Table Elements???
38.9%
Periodic Table Elements???
38.9%
Periodic Table Elements???
38.9%
Seven Deadly Sins???
35.7%
Seven Deadly Sins???
35.7%
Seven Deadly Sins???
35.7%
Seven Deadly Sins???
35.7%
Group Answer % Correct
Greek Alphabet???
35.4%
Greek Alphabet???
35.4%
Greek Alphabet???
35.4%
Greek Alphabet???
35.4%
Santa's Reindeer???
31.7%
Santa's Reindeer???
31.7%
Santa's Reindeer???
31.7%
Santa's Reindeer???
31.7%
NFL Teams???
31.1%
NFL Teams???
31.1%
NFL Teams???
31.1%
NFL Teams???
31.1%
Beatles Members???
30.4%
Beatles Members???
30.4%
Beatles Members???
30.4%
Beatles Members???
30.4%
Chess Pieces???
29.7%
Chess Pieces???
29.7%
Chess Pieces???
29.7%
Chess Pieces???
29.7%
New Testament Gospels???
24.7%
New Testament Gospels???
24.7%
New Testament Gospels???
24.7%
New Testament Gospels???
24.7%
Pixar Movies???
23.1%
Pixar Movies???
23.1%
Pixar Movies???
23.1%
Pixar Movies???
23.1%
Simpsons Characters???
22.2%
Simpsons Characters???
22.2%
Simpsons Characters???
22.2%
Simpsons Characters???
22.2%
Big Mac Ingredients???
17.2%
Big Mac Ingredients???
17.2%
Big Mac Ingredients???
17.2%
Big Mac Ingredients???
17.2%
Monarchs of England???
10.9%
Monarchs of England???
10.9%
Monarchs of England???
10.9%
Monarchs of England???
10.9%

You're not logged in!

Compare scores with friends on all Sporcle quizzes.
OR
Log In

From the Vault

Country by Church Building or Cathedral

by NO_r_WAY

There's a lot of epic architecture to appreciate here.
Remove Ads.
Support Sporcle.
Get the best of Sporcle when you Go Orange. This ad-free experience offers more features, more stats, and more fun while also helping to support Sporcle. Thank you for becoming a member.

Show Comments

Extras

Top Quizzes Today


Score Distribution

Your Account Isn't Verified!

In order to create a playlist on Sporcle, you need to verify the email address you used during registration. Go to your Sporcle Settings to finish the process.

Report this User

Report this user for behavior that violates our Community Guidelines.

Details: